Linie autobusowe MKS/ZKM Skarżysko - Statystyki

Ogólne statystyki
  • Ten quiz został rozwiązany 30 razy
  • Średni wynik to 14 z 14
Statystyki odpowiedzi
Hint Odpowiedź % Poprawnych
Łyżwy - Szydłowiecka 1
100%
Przychodnia Kolejowa — Bór 12
100%
Przychodnia Kolejowa — Młodzawy 14
100%
Przychodnia Kolejowa — Asfaltowa Z-3 15
100%
Jeżynowa — Szydłowiecka 2
100%
Przychodnia Kolejowa — Krakowska Pętla 7
100%
Łyżwy — Kilińskiego 19
96%
Łyżwy — Książęce 22
96%
Posadaj — Ekonomii Z-2 5
96%
Baza MKS — Ekonomii Z-2 8
96%
Łyżwy — Pogorzałe 18
93%
Łyżwy — Bór 25
93%
Szydłowiecka — Bernatka 26
93%
Baza MKS — Książęce 9
93%
Nie znaleziono quizów pasujących do podanych kryteriów
Rozkład punktacji
Procent ludzi z każdym wynikiem
Percentyl według liczby udzielonych odpowiedzi
Twoja historia wyników
Nie rozwiązałeś tego quizu